| 000 | 02171cam a2200361 i 4500 | ||
|---|---|---|---|
| 001 | data | ||
| 005 | 20260322212118.0 | ||
| 008 | data | ||
| 035 | _a23768691 | ||
| 906 |
_a7 _bcbc _ccopycat _d2 _encip _f20 _gy-gencatlg |
||
| 925 | 0 |
_aacquire _b1 shelf copy _xpolicy default |
|
| 010 | _a 2024441711 | ||
| 020 |
_a9781666775846 _qpaperback |
||
| 020 |
_a1666775843 _qpaperback |
||
| 035 | _a(OCoLC)1426994035 | ||
| 040 |
_aYDX _beng _erda _cYDX _dDLC _dMTH _dYDX _dOCLCO _dMTH _dDLC |
||
| 042 | _alccopycat | ||
| 050 | 0 | 0 |
_aB72 _b.D35 2024 |
| 082 | 0 | 4 |
_a190 _223 |
| 100 | 1 |
_aDalton, Stuart, _eauthor. |
|
| 245 | 1 | 0 |
_aThree answers to the question "what is philosophy?" : _ba comedy in three acts / _cStuart Dalton. |
| 264 | 1 |
_aEugene, Oregon : _bCascade Books, _c[2024] |
|
| 300 |
_axxiv, 328 pages : _billustrations (black & white) ; _c23 cm |
||
| 336 |
_atext _btxt _2rdacontent |
||
| 337 |
_aunmediated _bn _2rdamedia |
||
| 338 |
_avolume _bnc _2rdacarrier |
||
| 504 | _aIncludes bibliographical references and index. | ||
| 520 | _aPhilosophy is like a party that started over 2,500 years ago and is still going strong. When you take a philosophy class, you're invited to join this party; but walking into a party 2,500 years late can feel a little awkward. This book is meant to solve that problem. The best way to feel welcome is to focus on how funny philosophy is, simply because its ideals are so high that humans almost never manage to reach them. This book gives three answers to the question "What is philosophy?" (1) Philosophy is a conversation that has been going on for over 2,500 years which has been full of comedy from the beginning and will continue to be funny forever if we do it right. (2) Philosophy is a very awkward business that has always been on the verge of going out of business. (3) Philosophy is something that makes almost everyone write very badly. In addition to this three-act comedy the book also contains two practical guides to being happy and successful in philosophy classes. | ||
| 650 | 0 | _aPhilosophy. | |
| 650 | 6 | _aPhilosophie. | |
| 650 | 7 |
_aphilosophy. _2aat |
|
| 999 |
_c1797 _d1797 |
||